| 000 | 00948nam a2200325 a 4500 | ||
|---|---|---|---|
| 001 | 000029179 | ||
| 003 | OSt | ||
| 005 | 20201130111109.0 | ||
| 007 | ta | ||
| 008 | 110414n dr s001 0 spa d | ||
| 040 |
_aDO-SdBNP _bspa _cBNPHU |
||
| 041 | _hspa | ||
| 049 | _aBNPD | ||
| 082 |
_axxx _bR426ma |
||
| 110 | 2 |
_aRepública Dominicana . _bProcuraduría General de República _956099 |
|
| 245 | 0 | 0 | _aManual de inducción. |
| 260 |
_aSanto Domingo : _bMinisterio Público _c[s.f.] _bDirección de Gestión Humana, |
||
| 300 |
_a20 p. ; _c22 cm. |
||
| 505 | 1 | _aPresentación.- | |
| 505 | 1 | _aNuestra historia.- | |
| 505 | 1 | _aVisión.- | |
| 505 | 1 | _aMisión.- | |
| 505 | 1 | _aPrincipios.- | |
| 505 | 1 | _aorganigrama institucional.- | |
| 505 | 1 | _aEstructura del Ministerio Público.- | |
| 505 | 1 | _aNuestras dependencias.- | |
| 505 | 1 | _aPolíticas y normas nacionales.- | |
| 505 | 1 | _aBeneficios y renumeración.- | |
| 942 |
_2ddc _cLF2 |
||
| 999 |
_c28671 _d28671 |
||